Introduction historique à la philosophie morale
Salvato in:
| Autore principale: | |
|---|---|
| Natura: | Libro |
| Lingua: | francese |
| Pubblicazione: |
Bruselas
Université de Bruxelles
1980
|
| Soggetti: | |
| Tags: |
Aggiungi Tag
Nessun Tag, puoi essere il primo ad aggiungerne!!
|
MARC
| LEADER | 00000nam a2200000 a 4500 | ||
|---|---|---|---|
| 001 | UCR0111 | ||
| 003 | CL-VaPUC | ||
| 005 | 20241127085254.0 | ||
| 008 | 971129e19800000BE |||||||||||||||||fre|d | ||
| 999 | |c 263763 |d 263761 | ||
| 040 | |c Pontificia Universidad Católica de Valparaíso | ||
| 082 | 0 | 4 | |a 170.9 |b PER |2 21 |
| 100 | 0 | |a Perelman, Chaïm |e author |9 395598 | |
| 245 | 1 | 0 | |a Introduction historique à la philosophie morale |
| 260 | |a Bruselas |b Université de Bruxelles |c 1980 | ||
| 300 | |a 211 p | ||
| 583 | |a last modification |c 19971129 00:00:00 |k Rodrigo Vera | ||
| 600 | 0 | 7 | |a PROTAGORAS |2 CL-VaPUC |9 335223 |
| 600 | 0 | |a Sócrates |9 266368 | |
| 600 | 0 | 7 | |a PLATON |2 CL-VaPUC |9 222 |
| 600 | 0 | |a Aristóteles, |d 384 a.C.- 322 a.C. |9 194 | |
| 600 | 0 | |a Epicuro |e autor |9 314341 | |
| 600 | 0 | |a San Agustín de Hipona |x Teólogo y filósofo cristiano |9 311590 | |
| 600 | 0 | |a Tomás de Aquino |d 1220-1274 |c Santo |9 255832 | |
| 600 | 0 | |a Hobbes, Thomas |d 1588-1679 |9 860396 | |
| 600 | 0 | 7 | |a SPINOZA, BENEDICTUS DE |2 CL-VaPUC |9 319727 |
| 600 | 0 | |a Hume, David |d 1711-1776 |9 319329 | |
| 600 | 0 | |a Kant, Immanuel, |d 1724-1804 |9 858687 | |
| 650 | 0 | |a Filosofía |9 223554 | |
| 650 | 0 | |a Ética |9 255099 | |
| 650 | 0 | |a Comportamiento moral |9 334569 | |
| 650 | 0 | |a Justicia |9 255408 | |
| 650 | 7 | |a ESTOICISMO |2 CL-VaPUC |9 395599 | |
| 650 | 0 | |a Escuelas filosóficas |9 266232 | |
| 650 | 0 | |a Religión |9 255164 | |
| 942 | |c BK |2 ddc | ||
| 945 | |d 19971129 00:00:00 |a cmena | ||
| 952 | |0 0 |1 0 |4 0 |6 170_900000000000000_PER_1980 |7 0 |8 DER_TF |9 293234 |a BIBDER |b BIBDER |d 2019-11-19 |i 1907387 |o 170.9 PER 1980 |p 1907387 |r 2023-01-25 |w 2019-11-19 |x Ubicación 4to Piso |y BK |z Estos recursos deben solicitarse con anticipación |k DER | ||